Bántalmazott anyák továbblépési lehetőségei

Bibliographic Details
Main Author: Tanács Imola
Other Authors: Keszei Barbara
Format: Thesis
Kulcsszavak:Családon belüli erőszak
Párkapcsolaton belüli erőszak
Bántalmazás
Segítségnyújtás
Védelem
Nők
Online Access:http://dolgozattar.uni-bge.hu/21106

MARC

LEADER 00000nta a2200000 i 4500
001 dolg21106
005 20190910104137.0
008 190513suuuu hu om 000 hun d
040 |a BGE Dolgozattár Repozitórium  |b hun 
041 |a hu 
100 1 |a Tanács Imola 
245 1 0 |a Bántalmazott anyák továbblépési lehetőségei  |c Tanács Imola  |h [elektronikus dokumentum] 
246 1 1 |a Bántalmazott anyák továbblépési lehetőségei 
695 |a Családon belüli erőszak 
695 |a Párkapcsolaton belüli erőszak 
695 |a Bántalmazás 
695 |a Segítségnyújtás 
695 |a Védelem 
695 |a Nők 
700 1 |a Keszei Barbara  |e ths 
856 4 0 |u http://dolgozattar.uni-bge.hu/21106/1/Tan%C3%A1cs%20Imola_SYOZYQ_ANDR.pdf  |z Dokumentum-elérés